000 00613nam a2200217Ia 4500
003 OSt
005 20220925230712.0
006 a|||||r|||| 00| 0
007 ta
008 220923b |||||||| |||| 00| 0 eng d
037 _cGeneral Book
040 _aRTL
_cRTL
_beng
041 _2eng
_aeng
082 _aY15:47.216P.N5, M9\TD
100 _aKannabiran Vasantha
_9294170
245 0 _aWe were Making History
260 _aLondon
_bZed Books
_c1989
300 _aVii, 290 p.
_ccm.
942 _hY15:47.216P.N5, M9\TD
_cGB
_2CC
999 _c586378
_d586378